01459nab a2200385 a 450000100060000000300080000600500170001400600190003100700150005000800410006502200140010603500220012004000260014205000210016808000080018908200190019724502140021626000610043030000120049131000180050336200280052153301640054954600660071365000120077965000260079165000130081765000120083065000210084265000260086365500320088970000390092171000190096077300320097985600620101186875FlNmELB20241217171519.0m o d | cr cn|||||||||130215s2010 mx |||||s|||||||||||spa d a1405-0471 a(OCoLC)1105861169 aFlNmELBbspacFlNmELB 4aSD429bA265 2010 a63004a634.9/097222200aAgente causal del tizón foliar en Ungnadia speciosa Endl. (Sapindales: Sapindaceae) y la evaluación in vitro e in situ de un biocidah[recurso electronico] /cMaría Elizabeth Galindo-Cepeda ... [et al.]. aXalapa, México :bInstituto de Ecología A.C.,c2010. a5-15 p. aCuatrimestral0 aVol. 16, num. 1 (2010)- aRecurso electrónico. Santa Fe, Arg.: e-libro, 2015. Disponible vía World Wide Web. El acceso puede estar limitado para las bibliotecas afiliadas a e-libro. aArtículos en español ; resumenes en español e inglés. 4aMadera. 4aProductos forestales. 4aBosques. 0aTimber. 0aForest products. 0aForests and forestry. 4aArtículos electrónicos.1 aGalindo-Cepeda, María Elizabeth.2 ae-libro, Corp.0 tMadera y Bosquesx1405-047140uhttps://elibro.net/ereader/politecnicointernacional/18423